| 000 | 00350nam a2200145Ia 4500 | ||
|---|---|---|---|
| 008 | 230917s9999||||xx |||||||||||||| ||und|| | ||
| 040 |
_e178174 _aMAIN |
||
| 041 | _aEnglish | ||
| 082 | _a338.04 J258H | ||
| 100 | _ajanakiram, B | ||
| 245 | 0 | _aManagement and entrepreneurship | |
| 260 |
_aNew Delhi _bExcel _c2010 |
||
| 300 | _a262 p. | ||
| 942 | _cBK | ||
| 999 |
_c153024 _d153024 |
||